Statistics for New Unova Pokedex Quiz

Click here to take the quiz!

General Stats

  • This quiz has been taken 135 times
  • The average score is 264 of 301

Answer Stats

Dex #PokemonType% Correct
2ServineGrass
100%
1SnivyGrass
100%
0VictiniPsychic/Fire
100%
82CottoneeGrass/Fairy
98%
8DewottWater
98%
6EmboarFire/Fighting
98%
7OshawottWater
98%
10PatratNormal
98%
14PidoveNormal/Flying
98%
5PigniteFire/Fighting
98%
9SamurottWater
98%
3SerperiorGrass
98%
4TepigFire
98%
15TranquillNormal/Flying
98%
16UnfezantNormal/Flying
98%
225CobalionSteel/Fighting
96%
23HerdierNormal
96%
19LeavannyBug/Grass
96%
13LiepardDark
96%
85LilligantGrass
96%
22LillipupNormal
96%
37PansageGrass
96%
12PurrloinDark
96%
24StoutlandNormal
96%
226TerrakionRock/Fighting
96%
227VirizionGrass/Fighting
96%
11WatchogNormal
96%
83WhimsicottGrass/Fairy
96%
183AxewDragon
94%
192ChandelureGhost/Fire
94%
273DeinoDark/Dragon
94%
175FerroseedGrass/Steel
94%
174GalvantulaBug/Electric
94%
173JoltikBug/Electric
94%
298KeldeoWater/Fighting
94%
100KrokorokGround/Dark
94%
101KrookodileGround/Dark
94%
200LandorusGround/Flying
94%
190LitwickGhost/Fire
94%
84PetililGrass
94%
295ReshiramDragon/Fire
94%
99SandileGround/Dark
94%
118ScraftyDark/Fighting
94%
117ScraggyDark/Fighting
94%
17SewaddleBug/Grass
94%
40SimisearFire
94%
18SwadloonBug/Grass
94%
198TornadusFlying
94%
296ZekromDragon/Electric
94%
36AudinoNormal
92%
224BisharpDark/Steel
92%
110BraviaryNormal/Flying
92%
63CrobatPoison/Flying
92%
103DarmanitanFire
92%
102DarumakaFire
92%
76DrilburGround
92%
270DruddigonDragon
92%
153DucklettWater/Flying
92%
140DuosionPsychic
92%
57ElectabuzzElectric
92%
56ElekidElectric
92%
144EmolgaElectric/Flying
92%
176FerrothornGrass/Steel
92%
161FoongusGrass/Poison
92%
184FraxureDragon
92%
180FrillishWater/Ghost
92%
300GenesectBug/Steel
92%
62GolbatPoison/Flying
92%
136GothitaPsychic
92%
138GothitellePsychic
92%
185HaxorusDragon
92%
275HydreigonDark/Dragon
92%
181JellicentWater/Ghost
92%
46KoffingPoison
92%
297KyuremDragon/Ice
92%
191LampentGhost/Fire
92%
34LucarioFighting/Steel
92%
53MagbyFire
92%
54MagmarFire
92%
55MagmortarFire
92%
48MagnemiteElectric/Steel
92%
49MagnetonElectric/Steel
92%
50MagnezoneElectric/Steel
92%
112MandibuzzDark/Flying
92%
229PalpitoadWater/Ground
92%
41PanpourWater
92%
39PansearFire
92%
223PawniardDark/Steel
92%
141ReuniclusPsychic
92%
33RioluFighting
92%
109RuffletNormal/Flying
92%
45ScolipedeBug/Poison
92%
42SimipourWater
92%
38SimisageGrass
92%
231StunfiskGround/Electric
92%
154SwannaWater/Flying
92%
199ThundurusElectric/Flying
92%
228TympoleWater
92%
177TynamoElectric
92%
43VenipedeBug/Poison
92%
111VullabyDark/Flying
92%
47WeezingPoison
92%
44WhirlipedeBug/Poison
92%
61ZubatPoison/Flying
92%
274ZweilousDark/Dragon
92%
158AccelgorBug
91%
162AmoongussGrass/Poison
91%
27AmpharosElectric
91%
52ArcanineFire
91%
128ArchenRock/Flying
91%
129ArcheopsRock/Flying
91%
32AzumarillWater/Fairy
91%
30AzurillNormal/Fairy
91%
104BasculinWater
91%
69BoldoreRock
91%
127CarracostaWater/Rock
91%
89ClefairyFairy
91%
88CleffaFairy
91%
75ConkeldurrFighting
91%
116CrustleBug/Rock
91%
159DeerlingNormal/Grass
91%
194DurantBug/Steel
91%
115DwebbleBug/Rock
91%
91EeveeNormal
91%
58ElectivireElectric
91%
95EspeonPsychic
91%
77ExcadrillGround/Steel
91%
26FlaaffyElectric
91%
94FlareonFire
91%
123FlygonGround/Dragon
91%
70GigalithRock
91%
98GlaceonIce
91%
137GothoritaPsychic
91%
51GrowlitheFire
91%
74GurdurrFighting
91%
193HeatmorFire
91%
93JolteonElectric
91%
155KarrablastBug
91%
131KlangSteel
91%
130KlinkSteel
91%
132KlinklangSteel
91%
97LeafeonGrass
91%
25MareepElectric
91%
31MarillWater/Fairy
91%
299MeloettaNormal/Psychic
91%
71OnixRock/Ground
91%
68RoggenrolaRock
91%
268SawkFighting
91%
160SawsbuckNormal/Grass
91%
230SeismitoadWater/Ground
91%
157ShelmetBug
91%
139SolosisPsychic
91%
72SteelixSteel/Ground
91%
67SwoobatPsychic/Flying
91%
267ThrohFighting
91%
73TimburrFighting
91%
121TrapinchGround
91%
96UmbreonDark
91%
92VaporeonWater
91%
122VibravaGround/Dragon
91%
172VolcaronaBug/Fire
91%
66WoobatPsychic/Flying
91%
152ZoroarkDark
91%
151ZoruaDark
91%
182AlomomolaWater
89%
211BanetteGhost
89%
196BearticIce
89%
147BlitzleElectric
89%
90ClefableFairy
89%
195CubchooIce
89%
178EelektrikElectric
89%
179EelektrossElectric
89%
156EscavalierBug/Steel
89%
145HeracrossBug/Fighting
89%
282JigglypuffNormal/Fairy
89%
171LarvestaBug/Fire
89%
119MaractusGrass
89%
203SkarmorySteel/Flying
89%
252SneaselDark/Ice
89%
126TirtougaWater/Rock
89%
256VanillishIce
89%
255VanilliteIce
89%
257VanilluxeIce
89%
253WeavileDark/Ice
89%
283WigglytuffNormal/Fairy
89%
168AggronSteel/Rock
87%
166AronSteel/Rock
87%
251BronzongSteel/Psychic
87%
250BronzorSteel/Psychic
87%
197CryogonalIce
87%
254DelibirdIce/Flying
87%
202DrapionPoison/Dark
87%
106GarbodorPoison
87%
221GligarGround/Flying
87%
222GliscorGround/Flying
87%
271GolettGround/Ghost
87%
272GolurkGround/Ghost
87%
64GrimerPoison
87%
281IgglybuffNormal/Fairy
87%
167LaironSteel/Rock
87%
242LaprasWater/Ice
87%
214LunatoneRock/Psychic
87%
260MamoswineIce/Ground
87%
219MienfooFighting
87%
220MienshaoFighting
87%
65MukPoison
87%
86MunnaPsychic
87%
87MusharnaPsychic
87%
259PiloswineIce/Ground
87%
134RoseliaGrass/Poison
87%
135RoseradeGrass/Poison
87%
244SealeoIce/Water
87%
210ShuppetGhost
87%
120SigilyphPsychic/Flying
87%
201SkorupiPoison/Bug
87%
215SolrockRock/Psychic
87%
243SphealIce/Water
87%
258SwinubIce/Ground
87%
105TrubbishPoison
87%
245WalreinIce/Water
87%
124YamaskGhost
87%
148ZebstrikaElectric
87%
189BeheeyemPsychic
85%
262BeldumSteel/Psychic
85%
133BudewGrass/Poison
85%
125CofagrigusGhost
85%
290CroagunkPoison/Fighting
85%
209DrifblimGhost/Flying
85%
208DrifloonGhost/Flying
85%
188ElgyemPsychic
85%
29GolduckWater
85%
264MetagrossSteel/Psychic
85%
263MetangSteel/Psychic
85%
204NumelFire/Ground
85%
146PinsirBug
85%
28PsyduckWater
85%
291ToxicroakPoison/Fighting
85%
247AltariaDragon/Flying
83%
169BaltoyGround/Psychic
83%
205CameruptFire/Ground
83%
170ClaydolGround/Psychic
83%
292LarvitarRock/Ground
83%
213PelipperWater/Flying
83%
293PupitarRock/Ground
83%
239StarmieWater/Psychic
83%
238StaryuWater
83%
294TyranitarRock/Dark
83%
212WingullWater/Flying
83%
286YanmaBug/Flying
83%
287YanmegaBug/Flying
83%
108CinccinoNormal
81%
142CombeeBug/Flying
81%
107MinccinoNormal
81%
232ShuckleBug/Rock
81%
246SwabluNormal/Flying
81%
143VespiquenBug/Flying
81%
289CarnivineGrass
79%
234MantineWater/Flying
79%
233MantykeWater/Flying
79%
249NinetalesFire
79%
113SandshrewGround
79%
114SandslashGround
79%
288TropiusGrass/Flying
79%
248VulpixFire
79%
216AbsolDark
77%
266DewgongWater/Ice
77%
164NosepassRock
77%
165ProbopassRock/Steel
77%
265SeelWater
77%
21SunfloraGrass
77%
20SunkernGrass
77%
240WailmerWater
77%
241WailordWater
77%
269BouffalantNormal
75%
279CorphishWater
75%
280CrawdauntWater/Dark
75%
187SeviperPoison
75%
217TangelaGrass
75%
218TangrowthGrass
75%
186ZangooseNormal
75%
237CorsolaWater/Rock
74%
79DelcattyNormal
74%
35DunsparceNormal
74%
60RaticateNormal
74%
59RattataNormal
74%
78SkittyNormal
74%
80BunearyNormal
72%
207GrumpigPsychic
72%
81LopunnyNormal
72%
206SpoinkPsychic
72%
236OctilleryWater
68%
235RemoraidWater
68%
149BuizelWater
66%
150FloatzelWater
66%
285LickilickyNormal
66%
284LickitungNormal
66%
278SlakingNormal
64%
276SlakothNormal
64%
277VigorothNormal
64%
163CastformNormal
62%
261DittoNormal
62%

Score Distribution

Percentile by Number Answered

Percent of People with Each Score

Your Score History

You have not taken this quiz